| 000 | 01288nac a22002891i 4500 | ||
|---|---|---|---|
| 003 | EG-ScBUE | ||
| 005 | 20240204135005.0 | ||
| 008 | 121122s1985 ua b f b 000 0 ara d | ||
| 017 | _a1985 / 4812 | ||
| 040 |
_aEG-ScBUE _bara _erda _cEG-ScBUE _dEG-ScBUE |
||
| 043 | _af-sj--- | ||
| 082 | 0 | 4 |
_a962.403 _bح س ن _222 |
| 100 | 1 |
_aحسن، حمدنا الله مصطفى، _eمؤلف. _927950 |
|
| 245 | 1 | 2 |
_aالتطور الاقتصادي والاجتماعي في السودان : _b1841- 1881 / _cدكتور حمدنا الله مصطفى حسن، مدرس التاريخ الحديث والمعاصر، كلية الآداب، جامعة عين شمس. |
| 250 | _aالطبعة الأولى. | ||
| 264 | 1 |
_aالقاهرة : _bدار المعارف، _c1985. |
|
| 300 |
_a554 صفحة : _bخرائط ؛ _c24 سم |
||
| 336 |
_2rdacontent _aنص _btxt |
||
| 337 |
_aبدون وسيط _2rdamedia _bn |
||
| 338 |
_aمجلد _bnc _2rdacarrier |
||
| 504 | _aيشتمل على إرجاعات ببليوجرافية. | ||
| 651 | 7 |
_aالسودان _xتاريخ _yالعصر الحديث. _2BUEsh _931401 |
|
| 651 | 7 |
_aالسودان _xأحوال اقتصادية. _2BUEsh _931402 |
|
| 651 | 7 |
_aالسودان _xأحوال اجتماعية. _2BUEsh _927952 |
|
| 655 | _vReading book | ||
| 942 |
_cBB _2ddc |
||
| 999 |
_c8103 _d8103 |
||